|
|
|
|
| LEADER |
00000naa2a2200000 4500 |
| 001 |
612783 |
| 005 |
20251206192332.0 |
| 035 |
|
|
|a (RuTPU)RU\TPU\conf\10914
|
| 035 |
|
|
|a RU\TPU\conf\10912
|
| 090 |
|
|
|a 612783
|
| 100 |
|
|
|a 20150626d2015 k y0rusy50 ca
|
| 101 |
0 |
|
|a rus
|
| 102 |
|
|
|a RU
|
| 135 |
|
|
|a drgn ---uucaa
|
| 181 |
|
0 |
|a i
|
| 182 |
|
0 |
|a b
|
| 200 |
1 |
|
|a Наноколлоидный препарат на основе оксида алюминия, меченного технецием-99м
|f В. Л. Садкин, А. С. Рогов, Е. А. Ильина
|
| 203 |
|
|
|a Текст
|c электронный
|
| 225 |
1 |
|
|a Радиационные и пучково-плазменные технологии в науке, технике и медицине
|
| 300 |
|
|
|a Заглавие с титульного экрана
|
| 337 |
|
|
|a Adobe Reader
|
| 463 |
|
0 |
|0 (RuTPU)RU\TPU\conf\10637
|t Физико-технические проблемы в науке, промышленности и медицине
|o сборник тезисов докладов VII Международной научно-практической конференции, г. Томск, 3-6 июня 2015 г.
|f Национальный исследовательский Томский политехнический университет (ТПУ) ; под ред. А. Н. Дьяченко [и др.]
|v [С. 237]
|d 2015
|
| 610 |
1 |
|
|a труды учёных ТПУ
|
| 610 |
1 |
|
|a электронный ресурс
|
| 610 |
1 |
|
|a наноколлоидные препараты
|
| 610 |
1 |
|
|a оксид алюминия
|
| 610 |
1 |
|
|a технеций-99м
|
| 700 |
|
1 |
|a Садкин
|b В. Л.
|c физик
|c младший научный сотрудник Томского политехнического университета, кандидат технических наук
|f 1986-
|g Владимир Леонидович
|3 (RuTPU)RU\TPU\pers\31553
|9 15713
|
| 701 |
|
1 |
|a Рогов
|b А. С.
|c радиохимик
|c инженер Томского политехнического университета
|f 1986-
|g Александр Сергеевич
|3 (RuTPU)RU\TPU\pers\29744
|9 14229
|
| 701 |
|
1 |
|a Ильина
|b Е. А.
|c физик, специалист в области ядерных технологий
|c инженер Томского политехнического университета
|f 1990-
|g Екатерина Алексеевна
|3 (RuTPU)RU\TPU\pers\33086
|9 16918
|
| 801 |
|
2 |
|a RU
|b 63413507
|c 20210210
|g RCR
|
| 856 |
4 |
|
|u http://earchive.tpu.ru/handle/11683/17466
|z http://earchive.tpu.ru/handle/11683/17466
|
| 856 |
4 |
|
|u http://www.lib.tpu.ru/fulltext/c/2015/C49/204.pdf
|z http://www.lib.tpu.ru/fulltext/c/2015/C49/204.pdf
|
| 942 |
|
|
|c CF
|